Differentiation in Practice :A Resource Guide for Differentiating Curriculum Grade 9-12 (Record no. 24169)

MARC details
000 -LEADER
fixed length control field 00785nam a22002177a 4500
003 - CONTROL NUMBER IDENTIFIER
control field OSt
005 - DATE AND TIME OF LATEST TRANSACTION
control field 20260612122230.0
008 - FIXED-LENGTH DATA ELEMENTS--GENERAL INFORMATION
fixed length control field 260612b |||||||| |||| 00| 0 eng d
020 ## - INTERNATIONAL STANDARD BOOK NUMBER
International Standard Book Number 1-4166-0050-7
040 ## - CATALOGING SOURCE
Transcribing agency Chuka University Library
050 ## - LIBRARY OF CONGRESS CALL NUMBER
Classification number LB 1628.5
Item number .T6 2005 1
100 ## - MAIN ENTRY--PERSONAL NAME
Personal name Tomlinson Carol Ann
9 (RLIN) 20212
245 ## - TITLE STATEMENT
Title Differentiation in Practice :A Resource Guide for Differentiating Curriculum Grade 9-12
260 ## - PUBLICATION, DISTRIBUTION, ETC.
Place of publication, distribution, etc. Virginia
Name of publisher, distributor, etc. Association for Supervision and Curriculum Development
Date of publication, distribution, etc. 2005
300 ## - PHYSICAL DESCRIPTION
Extent 369p
650 ## - SUBJECT ADDED ENTRY--TOPICAL TERM
Topical term or geographic name entry element Education, Secondary Curricula United States
9 (RLIN) 28833
650 ## - SUBJECT ADDED ENTRY--TOPICAL TERM
Topical term or geographic name entry element Curriculum Planning United States
9 (RLIN) 26921
650 ## - SUBJECT ADDED ENTRY--TOPICAL TERM
Topical term or geographic name entry element Individualized Instruction United States
9 (RLIN) 28974
700 ## - ADDED ENTRY--PERSONAL NAME
Personal name Cindy A. Strickland(Author)
9 (RLIN) 28975
942 ## - ADDED ENTRY ELEMENTS (KOHA)
Source of classification or shelving scheme Library of Congress Classification
Koha item type Long Loan Books
Suppress in OPAC No
Holdings
Withdrawn status Lost status Source of classification or shelving scheme Damaged status Not for loan Collection Home library Current library Shelving location Date acquired Source of acquisition Cost, normal purchase price Total Checkouts Full call number Barcode Date last seen Copy number Price effective from Koha item type
    Library of Congress Classification     General Collection Books Main Campus Library Main Campus Library General Stacks 12/06/2026 Donations from Books for Africa 5825.76   LB 1628.5 .T6 2005 34173/2026 12/06/2026 1 12/06/2026 Long Loan Books

Powered by Koha